Normal view
MARC view
- Tayyba Zahoor
Entry Personal Name
001 - CONTROL NUMBER
- control field: 84103
003 - CONTROL NUMBER IDENTIFIER
- control field: NUST
005 - DATE AND TIME OF LATEST TRANSACTION
- control field: 20211113114750.0
008 - FIXED-LENGTH DATA ELEMENTS
- fixed length control field: 211113|| aca||aabn | a|a d
040 ## - CATALOGING SOURCE
- Original cataloging agency: NUST
- Transcribing agency: NUST
100 ## - HEADING--PERSONAL NAME
- Personal name: Tayyba Zahoor
670 ## - SOURCE DATA FOUND
- Source citation: Work cat.: (NUST): Tayyba Zahoor, TH-SOF-1917-A Model-driven Framework for the Analysis and Verification of Smart Parking Systems, 2021.
